Statistics for Top Movies of all time by my choice

Click here to take the quiz!

General Stats

  • This quiz has been taken 7 times
  • The average score is 5 of 15

Answer Stats

HintYearAnswer% Correct
1.1999Fight Club
100%
10.1972The Godfather
60%
4.1994The Shawshank Redemption
60%
11.1990Goodfellas
40%
2.2014John Wick
40%
3.1994Pulp Fiction
40%
6.1995Se7en
40%
15.1995Braveheart
20%
9.2014Fury
20%
7.2009Inglorious Bastards
20%
8.2007No Country for old men
20%
5.2008Step Brothers
20%
12.2008Tropic Thunder
20%
13.2006Jackass Number Two
0%
14.2003Kill Bill vol. 1
0%

Score Distribution

Percentile by Number Answered

Percent of People with Each Score

Your Score History

You have not taken this quiz